Decades by Picture - 1940s - Statistics

General Stats
  • This quiz has been taken 229 times
  • The average score is 10 of 15
Answer Stats
Picture Hint Answer % Correct
writer Anne Frank
97%
activist Mohandas Gandhi
96%
clothing Bikini
89%
musician Frank Sinatra
87%
prime minister Winston Churchill
86%
musician Louis Armstrong
84%
vehicle Jeep
80%
movie Casablanca
79%
project {Manhattan} Project
77%
movie Pinnochio
76%
war {Cold} War
51%
movie Citizen Kane
49%
country - former name Dutch East Indies
23%
ship Kon-Tiki
17%
computer ENIAC
10%
No matching quizzes found
Score Distribution
Percent of People with Each Score
Percentile by Number Answered
Your Score History
You have not taken this quiz